MARC details
| 000 -CABECERA |
| campo de control de longitud fija |
02751cam a2200325 i 4500 |
| 001 - NÚMERO DE CONTROL |
| campo de control |
a19174175 |
| 003 - IDENTIFICADOR DEL NÚMERO DE CONTROL |
| campo de control |
SIRSI |
| 005 - FECHA Y HORA DE LA ÚLTIMA TRANSACCIÓN |
| campo de control |
20250325150117.0 |
| 008 - DATOS DE LONGITUD FIJA--INFORMACIÓN GENERAL |
| campo de control de longitud fija |
160620t20172017enk b 001 0 eng |
| 010 ## - NÚMERO DE CONTROL DE LA BIBLIOTECA DEL CONGRESO |
| Número de control de LC |
2016020587 |
| 020 ## - NÚMERO INTERNACIONAL ESTÁNDAR DEL LIBRO |
| Número Internacional Estándar del Libro |
9781509503728 |
| Información calificativa |
hardback |
| -- |
alkaline paper |
| 035 ## - NÚMERO DE CONTROL DEL SISTEMA |
| Número de control de sistema |
(OCoLC)954133984 |
| 040 ## - FUENTE DE LA CATALOGACIÓN |
| Centro catalogador/agencia de origen |
DLC |
| Lengua de catalogación |
eng |
| Normas de descripción |
rda |
| Centro/agencia transcriptor |
YUS |
| Centro/agencia modificador |
DLC |
| -- |
YDXCP |
| -- |
BTCTA |
| -- |
BDX |
| -- |
PIT |
| -- |
HTM |
| -- |
NGU |
| -- |
GZN |
| 041 1# - CÓDIGO DE LENGUA |
| Código de lengua del texto/banda sonora o título independiente |
eng |
| Código de lengua original |
fre |
| 042 ## - CÃDIGO DE AUTENTICACIÃN |
| Código de autenticación |
pcc |
| 050 00 - SIGNATURA TOPOGRÁFICA DE LA BIBLIOTECA DEL CONGRESO |
| Número de clasificación |
HM1176 |
| Número de documento/Ítem |
.C5713 2017 |
| 100 ## - ENTRADA PRINCIPAL--NOMBRE DE PERSONA |
| Nombre de persona |
Citton, Yves. |
| Término indicativo de función/relación |
author. |
| 9 (RLIN) |
25025 |
| 240 10 - TÍTULO UNIFORME |
| Título uniforme |
Pour une écologie de l'attention. |
| Lenguaje de la obra |
English |
| 245 14 - MENCIÓN DE TÍTULO |
| Título |
The ecology of attention |
| Mención de responsabilidad, etc. |
/ Yves Citton ; translated by Barnaby Norman. |
| 250 ## - MENCIÓN DE EDICIÓN |
| Mención de edición |
English edition. |
| 264 #1 - PRODUCCIÓN, PUBLICACIÓN, DISTRIBUCIÓN, FABRICACIÓN Y COPYRIGHT |
| Producción, publicación, distribución, fabricación y copyright |
Cambridge, UK ; |
| -- |
Malden, MA : |
| Nombre del de productor, editor, distribuidor, fabricante |
Polity Press, |
| Fecha de producción, publicación, distribución, fabricación o copyright |
[2017] |
| 264 #4 - PRODUCCIÓN, PUBLICACIÓN, DISTRIBUCIÓN, FABRICACIÓN Y COPYRIGHT |
| Fecha de producción, publicación, distribución, fabricación o copyright |
©2017 |
| 300 ## - DESCRIPCIÓN FÍSICA |
| Extensión |
x, 227 pages ; |
| Dimensiones |
24 cm |
| 504 ## - NOTA DE BIBLIOGRAFÍA, ETC. |
| Nota de bibliografía, etc. |
Includes bibliographical references and index. |
| 505 0# - NOTA DE CONTENIDO CON FORMATO |
| Nota de contenido con formato |
From attention economy to attention ecology —<br/>Collective attention —<br/>Media enthralments and attention regimes —<br/>Attentional capitalism —<br/>The digitalisation of attention —<br/>Joint attention —<br/>Presential attention —<br/>The micro-politics of attention —<br/>Individuating attention —<br/>Attention in laboratories —<br/>Reflexive attention —<br/>Towards an attention echology. |
| 520 ## - SUMARIO, ETC. |
| Sumario, etc. |
Information overload, the shallows, weapons of mass distraction, the googlization of minds: countless commentators condemn the flood of images and information that dooms us to a pathological attention deficit.<br/><br/>In this new book, cultural theorist Yves Citton goes against the tide of these standard laments to offer a new perspective on the problem of attention in the digital age. Phrases like paying attention and investing ones attention attest to our mistaken belief that attention can be conceptualized in narrow economic terms. We are constantly drawn towards attempts to quantify and commodify attention, even down to counting the number of 'likes' a picture receives on Facebook or a video on YouTube. By contrast, Citton argues that we should conceptualize attention as a kind of ecology and examine how the many different environments to which we are exposed from advertising to literature, search engines to performance art condition our attention in different ways.<br/><br/>In a world where the demands on our attention are ever-increasing, this timely and original book will be of great interest to students and scholars in media and communications and in literary and cultural studies, and to anyone concerned about the long-term consequences of the profusion of images as well as digital content in the age of the internet. |
| 650 #0 - PUNTO DE ACCESO ADICIONAL DE MATERIA--TÉRMINO DE MATERIA |
| Término de materia o nombre geográfico como elemento de entrada |
Attention |
| Subdivisión general |
Social aspects. |
| 650 #0 - PUNTO DE ACCESO ADICIONAL DE MATERIA--TÉRMINO DE MATERIA |
| Término de materia o nombre geográfico como elemento de entrada |
Perceptual learning. |
| 9 (RLIN) |
25026 |
| 942 ## - ELEMENTOS DE ENTRADA AGREGADA (KOHA) |
| Fuente del sistema de clasificación o colocación |
Clasificación de Library of Congress |